000 00436nam a2200181Ia 4500
005 20250603145001.0
008 250603s9999 xx 000 0 und d
020 _a9781403198808
050 _aBP 605.S2 .H83/
100 _aHubbard, Ron L.
245 0 _aFreedom fighter: articles and essays
260 _aCalifornia
260 _bBridge Publications
260 _c2012
300 _a357 p
650 _aCalifornia
942 _cBK
999 _c40524
_d40524